00408nam a22001097a 4500082003000000245012000030260005200150300001200202526003700214650000800251700003900259 aP-491bGC Abdula Ghafoor  aComparative analyses of low and high density polyethylene modified bituminous mixes in pakistancGC Abdula Ghafoor  aRisalpur bGC Abdula Ghafoor, GC Hamza Bin Faiz a95 p. : a0b0c0dP_491_GC_ABDULA_GHAFOOR aMCE aLt Col Dr. Muhammad Bilal Khurshid